| 000 | 00470nam a22001457a 4500 | ||
|---|---|---|---|
| 082 | _aP681 | ||
| 100 |
_aIrfan Haider NS Syn#7 _950965 |
||
| 245 |
_aEvaluating the sustainability of a mass transit system _ba case study of Rawalpindi-Islamabad metro |
||
| 260 |
_aRisalpur, _bMCE, _c2016. |
||
| 300 |
_a109p. _bill. _c26cm. |
||
| 526 |
_a0 _b0 _c0 _dP_681_000000000000000 |
||
| 526 |
_a0 _b0 _c0 _dP_681_000000000000000 |
||
| 700 |
_aLt Col Dr Irfan _950966 |
||
| 942 |
_2ddc _cBK |
||
| 999 |
_c553711 _d553711 |
||